00939 2200217 4500001002100000005001500021035002000036007000300056008004100059020001800100082001000118084001600128100002200144245005300166250001100219260003600230300002100266700001000287520040800297990001600705INLIS00000000000015220260526014600 a0010-0526000040ta260526 0  a9789797525606 a649.6 a649.6 WIW a0 aWiwien Widyawanti1 aAku Tidak Pipis Sembarangan /cWiwien Widyawanti aCet. I aBandung :bMizan Pustaka,c2018 a19 hlm. :bIlus.0 aNonoy aBuku Aku Tidak Pipis Sembarangan mengajarkan anak-anak tentang pentingnya menjaga kebersihan dan membiasakan buang air kecil di tempat yang benar. Dengan cerita sederhana dan ilustrasi menarik, buku ini membantu anak memahami perilaku hidup bersih, menjaga kesehatan, serta belajar disiplin dalam kehidupan sehari-hari. Buku ini cocok untuk membentuk kebiasaan baik dan kemandirian anak sejak usia dini. a00000000180